00345nam a22001217a 450000500170000002000220001703500230003903700130006210000180007524500670009326000440016030000190020420180823153032.0 a812031607xc75.00 aA-999333, A-999335 aDPLbENG aHabraken, Joe a10 minute guide to microsoft publisher 2000 /cby Joe Habraken aNew DelhibPrentice-Hall of Indiac1999 a212p.c18 cms.